000 00670nam a22001937a 4500
003 OSt
005 20220819103135.0
008 220819b |||||||| |||| 00| 0 eng d
020 _a9976780044
040 _cIFM Library
082 _a332.642
110 _aThe National Board of Accountants and Auditors (NBAA)
245 _aThe Tanzania Stock Exchange and Capital Market Initiative: A Seminar on tthe Role of Accountants and Auditors in the Stock Exchange Environment
260 _aDar es Salaam:
_bNational Board of Accountants and Auditors (NBAA)
_c1993
300 _aiv, 66p.: ill.; 25cm
490 _aVol. II
650 _aSTOCK EXCHANGE
942 _cBK
_2ddc
_n0
999 _c15609
_d15609